| 000 | 00381 a2200157 4500 | ||
|---|---|---|---|
| 001 | 47312 | ||
| 020 | _a9788564517103 (enc.) | ||
| 040 | _cAnchieta - Aquarius | ||
| 100 | _aHanna, Virginie | ||
| 240 | 1 | 0 |
_aA vida secreta das princesas _lpor |
| 245 | 1 | 0 | _aA vida secreta das princesas |
| 300 | _a24]p. | ||
| 362 | 0 | _a2011 | |
| 650 | 4 | _aLiteratura infanto-juvenil | |
| 942 | _cBK | ||
| 999 |
_c47312 _d47312 |
||